MDQL
is popping MORE tags! Check the
thread
!
Quizzes
Events
Quiz Creation
Community
Videos
Private Events
Remove Ads
Sign In
Join for FREE
Feedback
Dark Mode
Quiz Categories
Sports
Geography
Music
Movies
Television
Just For Fun
Miscellaneous
History
Literature
Language
Science
Gaming
Entertainment
Religion
Holiday
For Kids
Quiz Lab
Recent
Popular Today
Quiz Kudos Today
Editor Picks
Curator Picks
Quizzes by...
Day
Popularity
Type
Ratings
Length
Year
Community
Subscriptions
Recent Discussions
Orange Saloon
Badges
Playlists
Quests
Create
Leaderboards
Showdown
Live 5
Trivia Bingo
Activity
Puzzle Library
Sporcle Events
Private Events
Virtual Trivia
Globe League
Become a Host
Pub Owners
SporcleCon
Opinionation
Our Games
Videos
Blog
Mobile Apps
Partnerships
Remove Ads and Go Orange
Feedback
Just For Fun
Clickable
Get the Picture
Humor
Quick Pick
Word Ladder
Missing Word
Mixed Word
Blitz
Minefield
This or That
Alphabet
Color
Typing
Sporcle
Puzzle
Word Play
Follow That Line
Logic
Just For Fun
Clickable
Get the Picture
Humor
Quick Pick
Word Ladder
Missing Word
Mixed Word
Blitz
Minefield
This or That
Alphabet
Color
Typing
Sporcle
Puzzle
Word Play
Follow That Line
Logic
Random Quiz
Search Sporcle
×
Quiz Lab
Quiz Lab
Just For Fun
Word Ladder
Type in answers that appear in a list
Type in answers that appear in a list
Classic
Best Score? Go Orange.
Word ladder: Elocution Lesson I Stats
Can you name the 5-letter words in this ladder?
By
trev1331
4m
23 Questions
47 Plays
47 Plays
47 Plays
Comments
Comments
Give Quiz Kudos
Give Quiz Kudos
-
- Ratings
hide this ad
Replay
Link that replays current quiz
Next Quiz
Link to next quiz in quiz playlist
You Got
0%
They Got
Avg Score
72%
Avg Friend Score
Upgrade to see
Score Distribution
Jump to the score distribution portion of the page
Score
0/23
Timer
04:00
0
Plays Today
Clue
Word
% Correct
Aches
PAINS
93.3%
You cover walls with it
PAINT
88.9%
Hornet's revenge
STING
88.9%
Contraction of 'shall not'
SHANT
88.9%
What it does mainly on the plain in Spain
RAINS
86.7%
Blackbeard made 'em walk it
PLANK
84.4%
_
_
, _
_
, _
_
went the trolley
CLANG
82.2%
Your stretch in prison
STINT
80%
The sound of metal striking metal
CLANK
77.8%
It flies overhead
PLANE
77.8%
A trace of something, usually bad
TAINT
75.6%
A Hollywood car chase, e.g.
STUNT
75.6%
Clue
Word
% Correct
What monks do at Vespers
CHANT
75.6%
Siamese twins Eng and _
_
_
_
CHANG
73.3%
Where it mainly rains in Spain
PLAIN
73.3%
Billy Bob's blade
SLING
71.1%
Surgical blood diverter
SHUNT
71.1%
Indistinct
FAINT
68.9%
Michael Moore hometown
FLINT
66.7%
To toss something somewhere
FLING
66.7%
Living, not animal
PLANT
66.7%
A pleat or fold
PLAIT
64.4%
A clan pattern
PLAID
60%
Quiz Playlist
Details
Report
Send in Message
Add To Playlist
Classic:
Type in answers that appear in a list
Last Updated: Feb 16, 2017
Quiz Scoreboard
CHALLENGE
Sign Up to Join the Scoreboard
Show All
Scores
Hide
Comments
May contain spoilers
Recently Published
Holiday 10x10 Sorting Gallery
by lukepisani3
Holiday
15m
Two Season TV Shows II
by 123Four
Television
10m
Image Sorting: Flags VI
by Barbecue
Geography
2m
More to Explore
Quiz From the Vault
Featured Blog Post
14 Easter Pick-up Lines to Find Eggs With
hide this ad
You Might Also Like...
Tags
Word Ladder Quiz
5-letter
lesson
Today's Top Quizzes in Just For Fun
Browse Just For Fun
hide this ad
Today's Top Quizzes in Word Ladder
Browse Word Ladder
Top Contributed Quizzes in Just For Fun
1
Eurovision 2024 Countries Logic Puzzle
2
Name Just One - 10 to 1: Just For Fun
3
Missing Word: 2-Letter A-Z II
4
Missing Word: 'Of' Things A-Z
5
Missing Letter Whitney Houston Songs
6
Avatar the Last Airbender: Logic Puzzle
7
Survivor Winners Logic Puzzle
8
Missing Word: 'Of' Things A-Z II
9
Killer Double Trees 224 - Colour Match-Up
10
Missing Word: TV Shows in TV Shows
Explore More
Trending Topics
Disney
NBA
Harry Potter
Crossword
Anime
Kpop
Marvel
NFL
WWE
Pokémon
Soccer
Puzzle
Country
Song
The Office
hide this ad
More By:
trev1331
Quiz
Plays
Rating
Category
Featured
Created
Word Ladder: Homophones III
29,736
4.55
Just For Fun
Oct 25, 2012
Word Ladder: Organ to Grind?
19,999
4.15
Just For Fun
Sep 18, 2012
Sondheimania
409
5.00
Entertainment
Oct 30, 2012
Word ladder: Elocution Lesson I
47
4.50
Just For Fun
Oct 2, 2012
Word ladder: Entrails
36
5.00
Just For Fun
Sep 16, 2012
Go to Creator's Profile
Score Distribution
Quiz Creator Spotlight
trev1331
Follow
Send a Message
Quizzes Created
-
Created Quiz Play Count
-
More By This Creator
Popular Quizzes Today
1
Find the US States - No Outlines Minefield
2
Colored Red Africa Blitz
3
Find the 'City' Movie
4
The Countries of the World
5
Find the US States
6
5x2 Blitz: Bands
7
Find the Countries of Europe - No Outlines Minefield
8
US States
More Just For Fun Quizzes
Mixed Word: First/Last Letter D
Published
Trending Quizzes
Colored Red Europe Blitz I
Colored Red Europe Blitz II
Colored Red Africa Blitz II
Colored Red Europe Blitz III
Colored Red Africa Blitz III
Recently Updated
Odd Team Out - Big 4 Players
pecheneg
Quick Pick: 20 Twenties
pecheneg
March Madness Men's Triple Doubles
pecheneg
How Do You Spell That?
pecheneg
Godzilla Movies
pecheneg
Grab Bag: 4-10 Letters
pecheneg
2024 March Madness Bracket
pecheneg
Famous TV Couples
Peacemaker
Champions League XIs: Real Madrid
pecheneg
Largest US Cities 1790-2010
pecheneg
Trending Topics
Harry Potter
Disney
Crossword
NBA
Marvel
Kpop
Anime
WWE
Puzzle
The Office
Country
Soccer
Pokémon
NFL
Song
Your Account Isn't Verified!
In order to create a playlist on Sporcle, you need to verify the email address you used during registration. Go to your
Sporcle Settings
to finish the process.
Report this User
Report this user for behavior that violates our
Community Guidelines
.
Details:
Send Report
Go to the Sporcle.com Mobile Site →
Comments